| 000 -ლიდერი |
| ფიქსირებული სიგრძის საკონტროლო ველი |
01704nam a2200241Ia 4500 |
| 001 - საკონტროლო ნომერი |
| საკონტროლო ველი |
20246 |
| 003 - საკონტროლო ნომრის იდენტიფიკატორი |
| საკონტროლო ველი |
GE_BSU |
| 005 - ბოლო ოპერაციის თარიღი და დრო |
| საკონტროლო ველი |
20210330104502.0 |
| 008 - ფიქსირებული სიგრძის მონაცემთა ელემენტები - ზოგადი ინფორმაცია |
| ფიქსირებული სიგრძის საკონტროლო ველი |
181216s2016||||ge |||||||||||||| ||geo|| |
| 040 ## - კატალოგიზაციის წყარო |
| Transcribing agency |
GE_BSU |
| 041 ## - ენის კოდი |
| Language code of text/sound track or separate title |
geo |
| 080 ## - უნივერსალური ათობითი კლასიფიკაციის ინდექსი |
| Universal Decimal Classification number |
902 ჩ-95 |
| 100 ## - მთავარი ჩანაწერი - პიროვნების სახელი |
| Personal name |
ჩხატარაშვილი, გურამ |
| 9 (RLIN) |
10822 |
| 245 ## - ცნობა სათაურის შესახებ |
| Title |
სამხრეთ კავკასიის ფინალური ზედა პალეოლითის რეგიონალური თავისებურებანი (ძუძუანას და საწურბლიას მღვიმეების მიხედვით)/ |
| Statement of responsibility, etc |
გურამ, ჩხატარაშვილი; სამეცნ. ხელმძღვანელი თ. მეშველიანი; ბათუმის შოთა რუსთაველის სახელმწიფო უნ-ტი. |
| 264 ## - წარმოების, გამოცემის, დისტრიბუციის და სხვა ცნობები |
| გამოცემის, წარმოების, დისტრიბუციის... ადგილი |
ბათუმი, |
| გამოცემის, წარმოების, დისტრიბუციის... თარიღი |
2016. |
| 300 ## - ფიზიკური აღწერა |
| Extent |
184 გვ. |
| Other physical details |
30 სმ. |
| 653 ## - INDEX TERM--UNCONTROLLED |
| Uncontrolled term |
არქეოლოგია |
| 653 ## - INDEX TERM--UNCONTROLLED |
| Uncontrolled term |
დისერტაცია |
| 653 ## - INDEX TERM--UNCONTROLLED |
| Uncontrolled term |
სამხრეთ კავკასიის ფინალური ზედა პალეოლითის რეგიონალური თავისებურებანი (ძუძუანას და საწურბლიას მღვიმეების მიხედვით) |
| 700 ## - ADDED ENTRY--PERSONAL NAME |
| Personal name |
მეშველიანი, თ. |
| Relator term |
სამეცნ. ხელმძღვანელი |
| 9 (RLIN) |
10823 |
| 710 ## - ADDED ENTRY--CORPORATE NAME |
| Corporate name or jurisdiction name as entry element |
ბათუმის შოთა რუსთაველის სახელმწიფო უნ-ტი |
| 9 (RLIN) |
10824 |
| 942 ## - ADDED ENTRY ELEMENTS (KOHA) |
| Koha item type |
წიგნი |
| Source of classification or shelving scheme |
|